El altar de los craneos esculpidos de Cholula /

Đã lưu trong:
Chi tiết về thư mục
Tác giả chính: Noguera, Eduardo (autor)
Định dạng: Sách
Ngôn ngữ:Tiếng Tây Ban Nha
Những chủ đề:
Các nhãn: Thêm thẻ
Không có thẻ, Là người đầu tiên thẻ bản ghi này!

MARC

LEADER 00000nam^a2200000^a^4500
001 000130486
005 20250521000000.0
009 20260526123559.559
037 |a Acervo ITESO - Biblioteca 
041 |a ESP 
082 |a 972. 4801  |b NOG 
100 |a Noguera, Eduardo  |e (autor) 
245 1 3 |a El altar de los craneos esculpidos de Cholula /  |c E. Noguera ; estudio osteométrico de Javier Romero. 
264 |a México :  |b Talleres Gráficos de la Nación,  |c 1937 
300 |a 40 p. 
336 |a texto  |b txt  |2 rdacontenido 
337 |a sin mediación  |b n  |2 rdamedio 
338 |a volumen  |b nc  |2 rdasoporte 
649 |a XX 
650 |a Altares 
650 |a Arquitectura Azteca 
650 |a Arquitectura Nahua 
650 |a Arquitectura Prehispánica 
650 |a Arquitectura Mexicana 
650 |a Arte Azteca 
650 |a Arte Nahua 
650 |a Arte Prehispánico 
650 |a Arte Mexicano 
650 |a Arqueología -  |z Cholula, Puebla 
650 |a Cholula, Puebla -  |x Historia -  |y Epoca Prehispánica 
650 |a Puebla -  |x Historia -  |y Epoca Prehispánica 
910 |a Fondo Salvador Reynoso Reynoso 
920 |a Impresos - Libros 
930 |a Fondos Especiales 
905 |a 112 
901 |a 0800012074  |b IT2  |c ESP  |u 20250521 
902 |a https://opac.biblio.iteso.mx/vufind/Record/000130486